Movies Quiz

Random Movies or Decade Quiz

Academy Award for Best Actor (2000s) Quiz Stats

 Plays Quiz Updated Jul 22, 2018

Support Sporcle.
Go Orange.
Score 0/10 Timer 02:00
0 Plays Today
% Correct
Jeff Bridges
91.7%
Russell Crowe
91.6%
Denzel Washington
86.2%
Forest Whitaker
85.9%
Philip Seymour Hoffman
84%
Jamie Foxx
84%
Adrien Brody
83.7%
Sean Penn (2008)
83.4%
Daniel Day-Lewis
82.4%
Sean Penn (2003)
73.2%

You're not logged in!

Compare scores with friends on all Sporcle quizzes.
OR
Log In

From the Vault

Chocolate Bars in Other Words

by NJSB

Warning: This quiz may cause cavities.
Remove Ads.
Support Sporcle.
Get the best of Sporcle when you Go Orange. This ad-free experience offers more features, more stats, and more fun while also helping to support Sporcle. Thank you for becoming a member.

Show Comments

Extras

Top Quizzes Today


Score Distribution

Your Account Isn't Verified!

In order to create a playlist on Sporcle, you need to verify the email address you used during registration. Go to your Sporcle Settings to finish the process.

Report this User

Report this user for behavior that violates our Community Guidelines.

Details: